Welcome to WEB OPAC of MRSPTU Central Library

Topology : General and algebraic (Record no. 6224)

MARC details
000 -LEADER
fixed length control field 00415nam a2200169Ia 4500
008 - FIXED-LENGTH DATA ELEMENTS--GENERAL INFORMATION
fixed length control field 230711s9999||||xx |||||||||||||| ||und||
041 ## - LANGUAGE CODE
Language code of text/sound track or separate title ENG
082 ## - DEWEY DECIMAL CLASSIFICATION NUMBER
Classification number 514
Item number SH-T
100 ## - MAIN ENTRY--PERSONAL NAME
Personal name Sharma,J.N
245 #0 - TITLE STATEMENT
Title Topology : General and algebraic
250 ## - EDITION STATEMENT
Edition statement 46th Ed.
260 ## - PUBLICATION, DISTRIBUTION, ETC.
Date of publication, distribution, etc. 2016
Place of publication, distribution, etc. New Delhi
Name of publisher, distributor, etc. Vikas Publishing House Pvt Ltd.
300 ## - PHYSICAL DESCRIPTION
Extent 620p.
650 ## - SUBJECT ADDED ENTRY--TOPICAL TERM
Topical term or geographic name entry element Mathematics
700 ## - ADDED ENTRY--PERSONAL NAME
Personal name Chauhan,J.P
942 ## - ADDED ENTRY ELEMENTS (KOHA)
Koha item type Book
Holdings
Withdrawn status Lost status Damaged status Not for loan Collection Home library Current library Date acquired Cost, normal purchase price Inventory number Total checkouts Full call number Barcode Date last seen Price effective from Koha item type
          MRSPTU Central Library MRSPTU Central Library   395.00 KBD/2016-2017/963142808   514 SH-T 34971 08/17/2023 08/17/2023 Book
          MRSPTU Central Library MRSPTU Central Library   395.00 KBD/2016-2017/963142808   514 SH-T 34972 08/17/2023 08/17/2023 Book
          MRSPTU Central Library MRSPTU Central Library   395.00 KBD/2016-2017/963142808   514 SH-T 34973 08/17/2023 08/17/2023 Book
          MRSPTU Central Library MRSPTU Central Library   395.00 KBD/2016-2017/963142808   514 SH-T 34974 08/17/2023 08/17/2023 Book

Website Designed and Developed by MRSPTU Central Library Team

E-mail Id: librarian@mrsptu.ac.in